00403 2200169 4500245004000000020002200040250001100062100001700073700001100090650001900101005001900120260004000139041001400179084000800193300002300201336000900224 aSerdadu KumbangcRain ChudorihText a978-602-208-017-6 aCet. 1 aRain Chudori aAlenia aNovel Adaptasi a20230120095524 aYogyakartabGradien Mediatamac2011 aIndonesia a813 a128 hlm. :c21 cm. atext